| 000 | 00725 a2200205 4500 | ||
|---|---|---|---|
| 999 |
_c7410 _d7410 |
||
| 020 | _a9780070183391 | ||
| 050 | _aHD30.28 THO 2010 | ||
| 100 |
_aThompson, Arthur A. _eauthor |
||
| 245 |
_aCrafting and executing strategy : _btext and readings / _cArthur A. Thompson, A. J. Strickland III and John E. Gamble |
||
| 250 | _a17th edition | ||
| 264 |
_aBoston : _bMcGraw-Hill / Irwin, _cc2010 |
||
| 300 |
_axlv, 563p. : _billustrations |
||
| 500 | _aIncludes bibliographical references and index | ||
| 650 | _aStrategic planning | ||
| 650 | _aStrategic business | ||
| 651 | _aUnited States | ||
| 700 |
_aStrickland III, A. J. _eauthor |
||
| 700 |
_aGamble, John E. _eauthor |
||
| 942 |
_2lcc _cBK _e17th edition _h30.28 _iTHO _kHD |
||